000 01230nam a2200229Ia 4500
003 Ost
005 20260507075559.0
008 260507s9999||||xx |||||||||||||| ||und||
020 _a995716094x
040 _cfsecg
041 _aara
082 _a600
100 _aالغالبي، طاهر
_eمؤلف
245 0 _aاستراتيجية الاعمال :
_bمدخل تطبيقي /
_c طاهر الغالبي
260 _aعمان:
_bدار الثقافة للنشر والتوزيع,
_c2006
300 _a156 صفحة؛
_bإيضاحات ؛
_c24 سم
504 _aالمراجع ص.151, ملاحق ص.147
520 _aمقدمة في الادارة الاستراتيجية اضافة الى اكمال الخطة الاستراتيجية ,ايصال الخطة الاستراتيجية, تنفيذ الخطة الاستراتيجيةوكذا القياس الاستراتيجي, العودة إلى الخطة الاستراتيجية و في الاخير طرح بعض الحالات الدراسية ( حالة شركة الطيران , احالة مستشفى الخدمات البيطرية).
653 _aادارة الاعمال
700 _aالعبادي، واثق
_eمؤلف ثانوي
942 _cكتاب
999 _c44991
_d44991